000 00243nam a2200097Ia 4500
001 800555
005 20250826171021.0
008 250824s9999 xx 000 0 und d
245 0 _aCEMİL MERİÇİN DÜNYASI
_cMUSTAFA ARMAĞAN
260 _bKETEBE
999 _c800555
_d800555